[Event "Agios Nikolaos op 3rd"]
[Site "Agios Ioannis"]
[Date "2019.09.01"]
[Round "8"]
[White "Iasman, Inna"]
[Black "Tsihlis, Hristos Panagiotis"]
[Result "1-0"]
[WhiteElo "1815"]
[BlackElo "1513"]
[PlyCount "47"]
[EventDate "2019.08.26"]
[EventType "swiss"]
[EventRounds "9"]
[EventCountry "GRE"]
[SourceTitle "EXT 2020"]
[Source "ChessBase"]
[SourceDate "2019.10.17"]
[SourceVersion "1"]
[SourceVersionDate "2019.10.17"]
[SourceQuality "1"]

1. d4 Nf6 2. c4 g6 3. Nc3 d5 4. Bf4 c6 5. e3 Bg7 6. Nf3 Nbd7 7. Be2 0-0 8. Ne5 dxc4 9. Nxc4 Nb6 10. 0-0 Bf5 11. Ne5 Rc8 12. Bf3 Nfd5 13. Bg3 Nxc3 14. bxc3 Be6 15. Nd3 Bc4 16. Re1 Nd5 17. Nb2 Ba6 18. Qb3 Nb6 19. Rad1 e6 20. a4 Re8 21. c4 Bf8 22. e4 h5 23. h3 Bd6 24. Bxd6 1-0

[Event "Paleochora op 10th"]
[Site "Paleochora"]
[Date "2017.07.19"]
[Round "1"]
[White "Kelires, Andreas"]
[Black "Iasman, Inna"]
[Result "1-0"]
[WhiteElo "2505"]
[BlackElo "1825"]
[PlyCount "113"]
[EventDate "2017.07.19"]
[EventType "swiss"]
[EventRounds "9"]
[EventCountry "GRE"]
[SourceTitle "EXT 2018"]
[Source "ChessBase"]
[SourceDate "2017.10.13"]
[SourceVersion "1"]
[SourceVersionDate "2017.10.13"]
[SourceQuality "1"]

1. d4 d5 2. c4 c6 3. Nf3 Nf6 4. g3 Bf5 5. Nc3 e6 6. Nh4 Bg4 7. h3 Bh5 8. g4 Bg6 9. Nxg6 hxg6 10. e3 Nbd7 11. cxd5 exd5 12. Qf3 Bb4 13. Bd3 Qe7 14. a3 Bxc3+ 15. bxc3 Ne4 16. c4 Ng5 17. Qg2 dxc4 18. Bxc4 Nb6 19. Bd3 0-0-0 20. Kf1 Rhe8 21. Bd2 Qf6 22. Qg3 Ne4 23. Bxe4 Rxe4 24. Rc1 Nd5 25. Kg2 Qe7 26. Rc5 f5 27. Rhc1 Qe6 28. g5 Rh8 29. R5c4 Reh4 30. Qe5 Qxe5 31. dxe5 Rxh3 32. Rd4 Rh2+ 33. Kf3 Kd7 34. Ra4 a6 35. Rb1 Kc8 36. Rc4 Re8 37. Rbc1 Rxe5 38. Rc5 Kd7 39. Bc3 Nxc3 40. Rxe5 Ne4 41. Rd1+ Kc7 42. Re7+ Kb6 43. Rb1+ Ka5 44. Rb2 b5 45. Rxg7 Nxg5+ 46. Kg3 Rh3+ 47. Kg2 Rh6 48. Rc2 Kb6 49. f3 Ne6 50. Re7 Nc5 51. Kg3 Rh1 52. Re5 Nd3 53. Re6 Rg1+ 54. Kh2 Rg5 55. Rcxc6+ Kb7 56. Rb6+ Kc7 57. Rec6+ 1-0

[Event "Anogia op 6th"]
[Site "Anogia"]
[Date "2017.07.11"]
[Round "2"]
[White "Iasman, Inna"]
[Black "Macovei, Andrei"]
[Result "0-1"]
[WhiteElo "1825"]
[BlackElo "2352"]
[PlyCount "88"]
[EventDate "2017.07.10"]
[EventType "swiss"]
[EventRounds "9"]
[EventCountry "GRE"]
[SourceTitle "CBM 179 Extra"]
[Source "ChessBase"]
[SourceDate "2017.08.23"]
[SourceVersion "1"]
[SourceVersionDate "2017.08.23"]
[SourceQuality "1"]

1. d4 Nf6 2. c4 e6 3. Nf3 Bb4+ 4. Bd2 a5 5. Nc3 0-0 6. e3 b6 7. Bd3 Bb7 8. 0-0 d6 9. a3 Bxc3 10. Bxc3 Nbd7 11. Bc2 Be4 12. Nd2 Bxc2 13. Qxc2 a4 14. e4 e5 15. dxe5 dxe5 16. Nf3 Re8 17. Rad1 Qe7 18. Nh4 Qe6 19. Qe2 Nc5 20. f3 g6 21. g3 Nb3 22. Ng2 Rad8 23. Ne3 Nd4 24. Qf2 c6 25. Rd2 Rd7 26. Rfd1 Red8 27. Kg2 Ne8 28. Ng4 c5 29. Ne3 Nd6 30. Qf1 f5 31. exf5 N6xf5 32. Nxf5 gxf5 33. Qe1 Re8 34. Qe3 Rg7 35. f4 Qc6+ 36. Kf2 exf4 37. Qd3 Re3 38. Bxd4 Rxd3 39. Rxd3 fxg3+ 40. hxg3 cxd4 41. Rxd4 Re7 42. Rd8+ Kg7 43. R1d4 Qe6 44. Kg2 Qe2+ 0-1

[Event "Chennai op 9th"]
[Site "Chennai"]
[Date "2017.01.21"]
[Round "4"]
[White "Iasman, Inna"]
[Black "Raahul, VS."]
[Result "0-1"]
[WhiteElo "1827"]
[BlackElo "2089"]
[PlyCount "86"]
[EventDate "2017.01.18"]
[EventType "swiss"]
[EventRounds "10"]
[EventCountry "IND"]
[SourceTitle "CBM 176 Extra"]
[Source "ChessBase"]
[SourceDate "2017.03.02"]
[SourceVersion "1"]
[SourceVersionDate "2017.03.02"]
[SourceQuality "1"]

1. d4 f5 2. c4 Nf6 3. g3 g6 4. Bg2 Bg7 5. Nf3 0-0 6. 0-0 d6 7. d5 e5 8. dxe6 c6 9. Nd4 Na6 10. Bf4 Nh5 11. Nxc6 bxc6 12. Bxd6 Bxe6 13. Bxc6 Bxb2 14. Bxf8 Qxd1 15. Rxd1 Rxf8 16. Nd2 Bxa1 17. Rxa1 Rd8 18. Bb5 Nc7 19. Rd1 Nxb5 20. cxb5 Bxa2 21. Kf1 Bb3 22. Rb1 Bc2 23. Rc1 Rxd2 24. Ke1 Rd1+ 25. Rxd1 Bxd1 26. Kxd1 Kf7 27. Kc2 Ke6 28. Kc3 Kd5 29. Kb4 Nf6 30. Ka5 Kc5 31. f3 Nd5 32. e4 fxe4 33. fxe4 Nc7 34. e5 Nxb5 35. Ka6 Nd4 36. Kxa7 Nc6+ 37. Kb7 Nxe5 38. Kc7 Kd5 39. Kd8 Ke6 40. Ke8 h5 41. Kf8 Kf6 42. Kg8 Nd3 43. h3 Nf2 0-1

[Event "Chennai op 9th"]
[Site "Chennai"]
[Date "2017.01.18"]
[Round "1"]
[White "Sivuk, Vitaly"]
[Black "Iasman, Inna"]
[Result "1-0"]
[WhiteElo "2540"]
[BlackElo "1827"]
[PlyCount "67"]
[EventDate "2017.01.18"]
[EventType "swiss"]
[EventRounds "10"]
[EventCountry "IND"]
[SourceTitle "CBM 176 Extra"]
[Source "ChessBase"]
[SourceDate "2017.03.02"]
[SourceVersion "1"]
[SourceVersionDate "2017.03.02"]
[SourceQuality "1"]

1. e4 c6 2. d4 d5 3. e5 c5 4. dxc5 e6 5. a3 Bxc5 6. b4 Bb6 7. Qg4 Kf8 8. Nf3 h5 9. Qf4 Bc7 10. Bb2 Nh6 11. Bd3 Ke8 12. 0-0 Nc6 13. c4 Ne7 14. Nc3 dxc4 15. Bxc4 Ng6 16. Qe4 a6 17. Rfd1 Qe7 18. Bb3 Rb8 19. b5 a5 20. Na4 Bd7 21. b6 Bd8 22. Rac1 Bc6 23. Rxc6 bxc6 24. Qxc6+ Kf8 25. Rd7 Qe8 26. b7 Ne7 27. Qb5 g6 28. Nc5 Kg7 29. Na6 Bb6 30. Nxb8 Bxf2+ 31. Kxf2 Ng4+ 32. Ke2 Qxb8 33. Rxe7 Qa7 34. Bd4 1-0

[Event "Anogia op 5th"]
[Site "Anogia"]
[Date "2016.07.12"]
[Round "1"]
[White "Nevednichy, Vladislav"]
[Black "Iasman, Inna"]
[Result "1-0"]
[WhiteElo "2549"]
[BlackElo "1757"]
[PlyCount "55"]
[EventDate "2016.07.12"]
[EventType "swiss"]
[EventRounds "9"]
[EventCountry "GRE"]
[SourceTitle "CBM 173 Extra"]
[Source "ChessBase"]
[SourceDate "2016.08.29"]
[SourceVersion "1"]
[SourceVersionDate "2016.08.29"]
[SourceQuality "1"]

1. Nf3 d5 2. g3 Nf6 3. Bg2 c6 4. 0-0 Bf5 5. d3 e6 6. Nbd2 Nbd7 7. Nh4 Bg4 8. Qe1 Bc5 9. h3 Bh5 10. Nb3 Bd6 11. e4 dxe4 12. dxe4 0-0 13. f4 Be7 14. g4 Nxg4 15. hxg4 Bxh4 16. Qe2 Qb6+ 17. Kh1 Bg6 18. f5 exf5 19. gxf5 Bxf5 20. Rxf5 g6 21. Qg4 Bf6 22. Bh6 Bxb2 23. Rd1 Ne5 24. Qg3 Rfe8 25. Bf4 Nc4 26. Rd7 f6 27. Qh4 h5 28. Rxh5 1-0

[Event "Porticcio op 2nd"]
[Site "Grosseto Prugna"]
[Date "2015.06.30"]
[Round "5"]
[White "Socko, Monika"]
[Black "Iasman, Inna"]
[Result "1-0"]
[WhiteElo "2472"]
[BlackElo "1904"]
[PlyCount "77"]
[EventDate "2015.06.27"]
[EventType "swiss"]
[EventRounds "9"]
[EventCountry "FRA"]
[SourceTitle "CBM 167 Extra"]
[Source "ChessBase"]
[SourceDate "2015.09.14"]
[SourceVersion "1"]
[SourceVersionDate "2015.09.14"]
[SourceQuality "1"]

1. g3 d5 2. Bg2 Nf6 3. Nf3 Bf5 4. c4 c6 5. cxd5 cxd5 6. Nc3 Nc6 7. Nh4 Bg4 8. h3 Bc8 9. 0-0 d4 10. Nb5 e5 11. d3 Be7 12. Nf3 0-0 13. Na3 Nd5 14. Nc4 Bf6 15. Qb3 Nde7 16. Bd2 Rb8 17. a4 Be6 18. Rfc1 Qd7 19. Kh2 Ng6 20. a5 Be7 21. Qa4 f5 22. b4 e4 23. Ne1 Nce5 24. Nxe5 Nxe5 25. Bf4 Qd5 26. Qc2 Rbc8 27. dxe4 Qb5 28. Qd1 Nc6 29. exf5 Qxf5 30. a6 g5 31. axb7 gxf4 32. bxc8Q fxg3+ 33. fxg3 Rxc8 34. Qd3 Nxb4 35. Qxf5 Bxf5 36. Rxc8+ Bxc8 37. Rxa7 Kf7 38. Nf3 d3 39. Ne5+ 1-0

[Event "Rethymno op 5th"]
[Site "Rethymno"]
[Date "2013.07.29"]
[Round "3"]
[White "Krishna, C Revanth Gopala"]
[Black "Iasman, Inna"]
[Result "1-0"]
[WhiteElo "2339"]
[BlackElo "1970"]
[PlyCount "67"]
[EventDate "2013.07.28"]
[EventType "swiss"]
[EventRounds "9"]
[EventCountry "GRE"]
[SourceTitle "CBM 155 Extra"]
[Source "ChessBase"]
[SourceDate "2013.08.26"]
[SourceVersion "1"]
[SourceVersionDate "2013.08.26"]
[SourceQuality "1"]

1. d4 d5 2. Nf3 Nf6 3. e3 c6 4. c4 Bf5 5. Nc3 e6 6. Nh4 Bg6 7. Be2 Nbd7 8. 0-0 Bd6 9. g3 0-0 10. Nxg6 hxg6 11. Qc2 dxc4 12. Bxc4 Nb6 13. Bb3 Rc8 14. e4 e5 15. dxe5 Bxe5 16. Bg5 Qc7 17. Rae1 Kh8 18. f3 Bd4+ 19. Kh1 Nbd7 20. Ne2 Bc5 21. Bd2 b5 22. Rd1 a5 23. a3 Qa7 24. Bc3 b4 25. axb4 axb4 26. Bxf6 Nxf6 27. e5 Ng8 28. e6 fxe6 29. Nf4 Ne7 30. Bxe6 Rcd8 31. Qg2 Nf5 32. Rxd8 Rxd8 33. Nxg6+ Kh7 34. Bxf5 1-0

[Event "Paleochora op 6th"]
[Site "Paleochora"]
[Date "2013.07.22"]
[Round "5"]
[White "Iasman, Inna"]
[Black "Naoum, Spyridon"]
[Result "0-1"]
[WhiteElo "1970"]
[BlackElo "2207"]
[PlyCount "74"]
[EventDate "2013.07.19"]
[EventType "swiss"]
[EventRounds "9"]
[EventCountry "GRE"]
[SourceTitle "CBM 155 Extra"]
[Source "ChessBase"]
[SourceDate "2013.08.26"]
[SourceVersion "1"]
[SourceVersionDate "2013.08.26"]
[SourceQuality "1"]

1. d4 Nf6 2. c4 g6 3. Nc3 d5 4. Bf4 Bg7 5. e3 0-0 6. Rc1 c6 7. Nf3 a6 8. h3 b6 9. Bd3 Bb7 10. cxd5 Nxd5 11. Nxd5 Qxd5 12. Bc4 Qa5+ 13. Qd2 Qxd2+ 14. Nxd2 Nd7 15. 0-0 e5 16. dxe5 Nxe5 17. Be2 c5 18. b3 Rac8 19. Nc4 Nxc4 20. bxc4 Be4 21. f3 Bf5 22. g4 Be6 23. Rfd1 Rfd8 24. Kf2 Rxd1 25. Rxd1 b5 26. cxb5 axb5 27. Bxb5 Bxa2 28. Ba6 Ra8 29. Bb7 Rf8 30. e4 c4 31. Ke2 h6 32. h4 c3 33. Rd7 Bc4+ 34. Kd1 Be6 35. Rc7 Bb3+ 36. Kc1 Rd8 37. e5 Rd1# 0-1